Quick Pick: '80s Cartoon Character Quiz Stats

 Plays Quiz Updated Apr 19, 2018

Challenge
Share
Tweet
Embed
Score 0/10 Timer 00:30
3 Plays Today
% Correct
Gadget
94.9%
Man
94.4%
Smurf
93.5%
Shortcake
93.3%
Prime
92.2%
McDuck
92.2%
T
84.8%
Brite
83.5%
Keene
80.8%
Commander
80.1%

Today's Daily Dose

You're not logged in!

Compare scores with friends on all Sporcle quizzes.
Join for Free
OR
Log In

You Might Also Like...

Show Comments

Extras

Top Quizzes Today


Score Distribution

Your Account Isn't Verified!

In order to create a playlist on Sporcle, you need to verify the email address you used during registration. Go to your Sporcle Settings to finish the process.

Report this User

Report this user for behavior that violates our Community Guidelines.

Details: